1118 1944 1333 1532 1914 1733 1210 1744 1565 1326 1746 1140 1534 1268 1295 1156 1950 1229 1439 1175 1944 1078 1632 1352 1413 1953 1847 1711 1275 1364 1679 1985 1620 1912 1975 1410 1996 1072 1311 1826 1102 1885 1872 1330 1575 1717 1214 1883 1915 1892 1880 1807 1792 1503 1304 1828 1105 1356 1307 1123 1381 1135 1540 1428 1812 1343 1622 1566 1029 1515 1396 1741 1054 1479 1784 1244 1442 1760 1398 1436 1506 1901 1929 1541 1536 1292 1399 1434 1131 1815 1516 1080 1439 1940 1026 1046 1153 1661 1414 BCNSPRNW ULIB Ver.6.0+V

เปลี่ยนเป็นภาษาไทย

Change to English
 แสดงรายละเอียดบรรณานุกรม
  กลับหน้าหลัก

Brief Record : Get Marc (ISO 2709) : E-mail record : QR code < ปิดหน้าต่าง
LEADER : 00000nam 2200000uu 4500
001    13399123055
003     ULIB
008    131212s2552||||th 000 0 tha d
099    วจ.BF576ม141ค
100 0  ^aมธุรดา ม่วงมัน
245 10 ^aความสัมพันธ์ระหว่างความฉลาดทางอารมณ์และคุณภาพชีวิตของเยาวชนในศูนย์ฝึกและอบรมเด็กและเยาวชน เขต 6 จังหวัดนครสวรรค์
246 0  Relationship between Quality of Life and Emotonal Quotient Among Youth of Regiional Juvenile Vocational Training Center 6 Nakhonsawan Province
260    ^a^c2553
610 17 ^aศูนย์ฝึกและอบรมเด็กและเยาวชน เขต 6 จังหวัดนครสวรรค์
650  7 ^aความฉลาดทางอารมณ์
650  7 ^aคณภาพชีวิต
700 0  ^aรวีวรรณ ม่วงมัน
700 0  ^aกิ่งแก้ว แสงสว่าง
700 0  ^aละมัด เลิศล้ำ
945    ^p0^l0^i034254
999    ^aกมลทิพย์ ธนสารสุธี
รายการนี้ยังไม่มีแท็ก
คุณยังไม่ได้ล็อกอิน คุณสามารถมีกิจกรรมร่วมกับเว็บไซต์ได้ แต่ต้องล็อกอินก่อน ::
  ล็อกอิน

รายการสื่อสารสนเทศ

ลำดับที่ ประเภท เลขเรียก/บาร์โค้ด สถานที่ สถานะ
1. งานวิจัย
งานวิจัย
วจ.BF576ม141ค  
  Barcode: 034254
ห้องสมุดวิทยาเขตสวรรค์ประชารักษ์
►วิจัย
บนชั้น

รายการใกล้เคียง
    ผู้แต่ง [มธุรดา ม่วงมัน]

    หัวเรื่อง [ความฉลาดทางอารมณ์]

BibComment


ยังไม่เคยถูกคอมเมนท์

คอมเมนท์ทรัพยากรรายการนี้
  คอมเมนท์: ความสัมพันธ์ระหว..


 Copyright 2026. Bcnsprnw @Library